000 00567nam a22001817a 4500
003 OSt
005 20260302235827.0
008 260203b |||||||| |||| 00| 0 eng d
020 _a971-08-6755-5
040 _aDWCL-Main Lib
_cOC
082 _aFil. 899.211 A778 2007
100 _aArrogante, Joey A.
245 _aHangga't alat ang dagat at isang haliging asin : dalawang novelang gay
260 _a Mandaluyong City :
_bNational Book Store,
_cc2007
300 _axi, 299 p. ;
_c22 cm.
650 _aPhilippine literature - fiction.
942 _2ddc
_cBK-FIL
_mFil.
_n0
999 _c8171
_d8171